00590nam a2200157 a 4500008004100000050001700041110007500058245012800133260003600261300001900297350000900316490003000325490000700355650004000362650003000402120416s2009 ||||||||||||||||| || u aUN-ESCWA(08) aUnited Nations Economic and Social Commission for Western Asia (ESCWA)10aNational accounts studies of the ESCWA regioncby United Nations Economic and Social Commission for Western Asia [UN-ESCWA] aNew York:bUNITED NATIONSc2009 axv, 83p.: ill. a0.00 aNational Accounts Studies v28 0aACCOUNTING--HANDBOOKS, MANUALS, ETC aACCOUNTING--ASIA, WESTERN